00530nam a2200157Ia 4500003000900000008004100009020002100050040001600071080001600087100002100103245015100124260004200275300001500317650002500332650001500357IN-BaIIA211028s9999 xx 000 0 eng d a978-01390-3419-0 cIIA Library a519.68bKEN aKennedy, Michael 0aTen statement fortran plus fortran IVbsensible, modular, and structured programming with WATFOR and WATFIVcMichael Kennedy and Martin B. Solomon aEnglewood CliffsbPrentice-Hallc1970 axvi, 381p. aComputer Programming aFortran IV